000 01209namaa2200301 i 4500
003 EG-GICUC
005 20260211152835.0
008 260211s19uu le |||jr|||| 001 0 ara d
040 _aEG-GiCUC
_bara
_cEG-GiCUC
_dEG-GiCUC
_erda
082 0 4 _221
_a401
_bS2434
092 0 4 _221
_a401
_bS2434
099 _a401 S2434
100 1 _aالسعران، محمود
_eمؤلف.
245 1 _aعلم اللغة :
_bمقدمة للقارئ العربى /
_cتأليف دكتور محمود السعران.
264 _aبيروت (لبنان) :
_bدار النهضة العربية للطباعة والنشر،
_c[19--].
300 _a462 صفحة ؛
_c25 سم
_bإيضاحيات، صور، مثيليات ؛ Illustrations
336 _2rdacontent
_atext
337 _2rdamedia
_aUnmediated
338 _2rdacarrier
_avolume
504 _aيشتمل على ارجاعات ببليوجرافية وكشاف.
541 _aد. جابر عصفور ؛
_bالقاهرة ؛
_cإهداء ؛
_d2024.
650 1 7 _aاللغة، علم
_2qrmak
650 1 7 _aالاصوات اللغوية العربية
_2qrmak
650 1 7 _aاللغة العربية
_2qrmak
651 1 _2qrmak
905 _aAya
942 _2ddc
_cBK
_e21
_n0
999 _c178386
_d178386